Statistiques concernant Meilleurs buteurs français en ldc depuis 2000

Cliquez ici pour prendre le quiz!

Statistiques générales

  • Ce quiz a été pris 244 fois
  • Le résultat moyen est 20 sur 23

Statistiques - réponses

SaisonJoueurButs% Correct
2011/12Benzema7
99%
2012/13Benzema5
99%
2006/07Benzema3
99%
2019/20Benzema4
99%
2007/08Benzema4
99%
2008/09Benzema5
99%
2010/11Benzema6
99%
2021/22Benzema15
99%
2014/15Benzema6
99%
2013/14Benzema5
99%
2022/23Mbappé7
99%
2016/17Mbappé6
99%
2018/19Mbappé8
99%
2020/21Mbappé8
99%
2004/05Henry5
90%
2003/04Henry5
90%
2002/03Henry7
90%
2000/01Henry4
90%
2015/16Griezmann6
79%
2005/06Trezeguet6
60%
2001/02Trezeguet8
60%
2017/18Ben Yedder6
30%
2009/10Nasri3
19%

Distribution des résultats

Percentile par nombre de réponses

% des personnes avec chaque résultat

Votre développement - résultats

Vous n’avez pas pris ce quiz